| 000 | 00858pab a2200169 454500 | ||
|---|---|---|---|
| 008 | 180718b1999 xxu||||| |||| 00| 0 eng d | ||
| 100 | _aMeenakshisundaram, S.S. | ||
| 245 | _aGram Sabha: lessons from Karnataka | ||
| 260 | _c1999 | ||
| 300 | _ap.55-60 | ||
| 362 | _aOct | ||
| 520 | _aCase studies from Karnataka point at the dismal functioning of Gram Sabhas in the State. Since Gram Sabha is the bedrock of panchayati raj it should be made more meaningful. For this it should meet periodically and the subjects placed before it must attract public attention. Concerted efforts are necessary to equip the Gram Sabhas through devolution of power, functions and finance alongwith necessary training and capacity building. - Reproduced | ||
| 650 | _aRural development - India - Karnataka | ||
| 650 | _aPanchayat | ||
| 773 | _aKurukshetra | ||
| 909 | _a42622 | ||
| 999 |
_c42622 _d42622 |
||